| 000 | 00678nam a2200217 i 4500 | ||
|---|---|---|---|
| 001 | bgj | ||
| 100 | 1 | _aJONES, Clarence | |
| 245 | 1 | 0 |
_aThe Life and Works of Constable / _cClarence Jones. |
| 260 |
_a[London ?] : _bParragon Book Service, _c1994. |
||
| 300 |
_a79 pp : _bphotos ; _c21 cm. |
||
| 505 | _aA compilation of works from the Bridgeman Art Library. | ||
| 600 | 1 | 9 |
_aConstable John, 1776-1837, painter _xBiography |
| 650 | 9 |
_aPainting _zEngland _y18th/19th century |
|
| 655 | _aAlbums | ||
| 020 | _a1858139430 (hbk, jacket) | ||
| 040 | _cBPK | ||
| 041 | _aeng | ||
| 920 | _a1-85813-943-0 (hbk, jacket) | ||
| 942 | _cKS | ||
| 008 | s1994 uk f |000 0 eng | ||
| 999 |
_c50116 _d50116 |
||
| 856 |
_uhttp://koha.tu.koszalin.pl/cgi-bin/koha/opac-detail.pl?biblionumber=50116 _yKatalog online BPK |
||